00409nam a2200181Ia 4500008004100000020001400041050001400055100002100069245001700090245002100107260001500128260001600143260000900159300001400168300002700182300001000209500000800219170918s9999 xx 000 0 und d a590992848 bA938 1994 aAustin, Virginia aSay please / cVirginia Austin. aNew York : bScholastic, c1994 aunpaged : bcolored illustration ; c23cm. a710